000 01416nam a22003617a 4500
003 CHAP
005 20220329140949.0
008 971013c19781979 r 00010 d
010 _a60557
011 _a61529
035 _a65695
040 _cCHAP
082 _a630.72
_bE5
110 _aMéxico. Secretaría de Agricultura y Recursos Hidráulicos. Colegio de Postgraduados
_977121
245 _aAvances en la enseñanza y la investigación 1977-1978
260 _aChapingo, Méx. :
_bEl Colegio,
_c1978-1979
300 _a384 p.
_b: ilus. ; gráfs.
500 _ac. de : ENA. Colegio de Postgraduados
500 _ac.c.Colegio de Postgraduados. Chapingo, Méx.
590 _aBATCH-UPD
_b10
_c20130110
_lUCH01
_h1016
590 _aBATCH-UPD
_b10
_c20130410
_lUCH01
_h0622
590 _aBATCH-UPD
_b10
_c20130913
_lUCH01
_h2105
590 _aCONVERSION
_b10
_c20130109
_lUCH01
_h1333
650 1 4 _aAgricultura
_xInvestigación
_xMéxico.
_91643
650 1 4 _aAgricultura
_zMéxico.
_91932
650 1 4 _aEducación agrícola
_zMéxico.
_935552
901 _aBK
942 _cLIBRO
949 _a630.72 E5
_bBC
_cLIBRO
_d33724000491296
_eLIBRO
_f1977-78 c.3
_h46498
_i65695
_si
949 _a630.72 E5
_bBC
_cLIBRO
_d33724000491320
_eLIBRO
_f1977-78 c.4
_h46499
_i65695
_si
949 _a630.72 E5
_bBC
_cLIBRO
_d33724000491429
_eLIBRO
_f1977-78 c.2
_h46497
_i65695
_si
949 _a630.72 E5
_bBC
_cLIBRO
_d33724000491437
_eLIBRO
_i65695
_si
999 _c60557
_d60557